Quizzes
Events
Quiz Creation
Community
Videos
Private Events
Remove Ads
Sign In
Join for FREE
Feedback
Dark Mode
Quiz Categories
Sports
Geography
Music
Movies
Television
Just For Fun
Miscellaneous
History
Literature
Language
Science
Gaming
Entertainment
Religion
Holiday
For Kids
Quiz Lab
Recent
Popular Today
Quiz Kudos Today
Editor Picks
Curator Picks
Quizzes by...
Day
Popularity
Type
Ratings
Length
Year
Community
Subscriptions
Recent Discussions
Orange Saloon
Badges
Playlists
Quests
Create
Leaderboards
Showdown
Live 5
Trivia Bingo
Activity
Puzzle Library
Sporcle Events
Private Events
Virtual Trivia
Globe League
Become a Host
Pub Owners
SporcleCon
Opinionation
Our Games
Videos
Blog
Mobile Apps
Partnerships
Remove Ads and Go Orange
Feedback
Sports
Athletes
MLB
NBA
NHL
NFL
Soccer
Sports Teams
WWE
NCAA
Football
Premier League
Basketball
Baseball
Hockey
Golf
Tennis
Cricket
Rugby
Auto Racing
Olympics
World Cup
Sports
Athletes
MLB
NBA
NHL
NFL
Soccer
Sports Teams
WWE
NCAA
Football
Premier League
Basketball
Baseball
Hockey
Golf
Tennis
Cricket
Rugby
Auto Racing
Olympics
World Cup
Random Quiz
Search Sporcle
×
Quiz Lab
Quiz Lab
Sports
Basketball
Type in answers that appear in a list
Type in answers that appear in a list
Classic
Best Score? Go Orange.
NBA Big and Small Stats
Can you name the NBA players whose height was either under 6'0 or over 7'0 (2000s)?
By
jakajaka
10m
53 Questions
997 Plays
997 Plays
997 Plays
Comments
Comments
Give Quiz Kudos
Give Quiz Kudos
-
- Ratings
hide this ad
More Info
Replay
Link that replays current quiz
Next Quiz
Link to next quiz in quiz playlist
You Got
0%
They Got
Avg Score
18%
Avg Friend Score
Upgrade to see
Score Distribution
Jump to the score distribution portion of the page
Score
0/53
Timer
10:00
1
Play Today
Height
Player
% Correct
7'6
Yao Ming
87.9%
5'9
Nate Robinson
74.9%
7'1
Shaquille O'Neal
74.8%
7'1
David Robinson
74.5%
5'3
Muggsy Bogues
67.4%
5'5
Earl Boykins
60.9%
7'6
Shawn Bradley
58.1%
7'1
Marc Gasol
48.8%
7'4
Rik Smits
38%
7'3
Zydrunas Ilgauskas
37.1%
7'7
Gheorghe Muresan
30.1%
5'10
Avery Johnson
26.3%
7'2
Dikembe Mutombo
26.2%
7'3
Arvydas Sabonis
23.7%
7'3
Hasheem Thabeet
23.6%
7'1
Tyson Chandler
23.3%
7'2
Greg Ostertag
23.2%
7'3
Ha Seung-Jin
21.6%
7'2
Roy Hibbert
19.5%
7'1
Vlade Divac
18.1%
5'10
Damon Stoudamire
16.1%
7'2
Luc Longley
12.1%
5'10
Brevin Knight
10.4%
7'1
Joel Przybilla
9.8%
5'11
Ty Lawson
7.6%
5'11
Terrell Brandon
7.3%
5'11
Chucky Atkins
5.9%
Height
Player
% Correct
7'1
Kyrylo Fesenko
5.8%
7'2
Hamed Haddadi
5.8%
7'2
Primoz Brezec
5.4%
5'11
Speedy Claxton
5.2%
5'11
Travis Best
4.6%
5'11
Darrick Martin
3.7%
7'2
Thomas Hamilton
2.6%
7'2
Jake Tsakalidis
2%
5'11
Dana Barros
1.9%
5'10
Khalid El-Amin
1.6%
5'11
John Lucas
1.6%
5'10
Tyus Edney
1.5%
7'1
Dalibor Bagaric
1.3%
7'1
Jim McIlvaine
1.2%
7'1
Daniel Santiago
1%
7'2
Bruno Sundov
0.9%
5'10
Andre Barrett
0.8%
5'10
Mike Wilks
0.8%
7'1
Luke Schenscher
0.8%
7'1
Loren Woods
0.8%
7'2
Cezary Trybanski
0.5%
7'1
Mario Kasun
0.3%
7'3
Aleksandar Radojevic
0.3%
5'11
Dean Oliver
0.2%
7'1
Cheikh Samb
0.2%
7'1
Andreas Glyniadakis
0.1%
Quiz Playlist
Details
Report
Send in Message
Add To Playlist
More Info:
Team listed is the one that the player played the most games in the 2000s for. *minimum 10 games played
Classic:
Type in answers that appear in a list
Last Updated: Dec 6, 2018
Quiz Scoreboard
CHALLENGE
Sign Up to Join the Scoreboard
Show All
Scores
Hide
Comments
May contain spoilers
Recently Published
9x9 Crossword: Cartoon Network
by jackfrog10
Miscellaneous
3m
College Basketball Coaching Resumes
by pancakes188
Sports
9m
Billboard Blitz: Fleetwood Mac
by CooCooCachoo
Music
15s
More to Explore
Quiz From the Vault
Featured Blog Post
Where Did the Easter Bunny Come From?
hide this ad
You Might Also Like...
Tags
Basketball Quiz
NBA Quiz
2000s
height
small
Today's Top Quizzes in Sports
Browse Sports
hide this ad
Today's Top Quizzes in Basketball
Browse Basketball
Top Contributed Quizzes in Sports
1
2022 World Cup Stars
2
Les meilleurs buteurs des matchs entre le PSG et l’OM
3
FIFA Club World Cup Champions
4
Les entraîneurs de l'OM et du PSG au 21e siècle
5
Criteria MLB: Left Handed Sluggers
6
AFC Teams Reveal (Wrong Answers Minefield)
7
2023 MLB Unique Player Accomplishments
8
Players with Multiple 50 Home Run Seasons
9
5-to-1: FBS Animal Nicknames
10
5-to-1: UK Sports Teams
Explore More
Trending Topics
Marvel
Kpop
Disney
Crossword
Harry Potter
NBA
Anime
Soccer
Country
Puzzle
NFL
Pokémon
The Office
Song
WWE
hide this ad
More By:
jakajaka
Quiz
Plays
Rating
Category
Featured
Created
MLB Missing Team by Player
134,944
3.46
Sports
Nov 8, 2009
Before and After: Sports & Entertainment
43,705
3.59
Sports
Jan 5, 2011
Closing Lines III
40,725
4.18
Movies
Jan 27, 2011
20+ Points, 20+ Rebounds NBA Games
6,896
4.42
Sports
Feb 22, 2010
300 Home Runs in a Decade
6,651
4.44
Sports
Sep 2, 2010
Go to Creator's Profile
Score Distribution
Quiz Creator Spotlight
jakajaka
Follow
Send a Message
Quizzes Created
-
Created Quiz Play Count
-
More By This Creator
Popular Quizzes Today
1
Find the US States - No Outlines Minefield
2
Find the Countries of Europe - No Outlines Minefield
3
The Countries of the World
4
Find the US States
5
Risky Map Clicking: Biggest States A-Z
6
US States
7
Popular People in 1961
8
Movies - When Are They Set?
More Sports Quizzes
AFC East Week 1 Starters 2020-2021
Quiz Lab
Trending Quizzes
Risky Map Clicking: Least Populous States A-Z
1-10 Letter G Words
1-10 Letter F Words
Risky Map Clicking: Next State Alphabetically
Adjectives in 80s TV Shows
Recently Updated
Leaping Animals
pecheneg
Reality TV Shows (A-Z)
bhenderson79
Rickey Henderson's Hall of Fame Teammates
pecheneg
Champions League XIs: Arsenal
pecheneg
Quick Pick: Celebrities in WWE's Hall of Fame
aduchscher
A-Z Keypad Blitz II
pecheneg
Multiple Oscar Actors
pecheneg
Mystery Phrase Blitz: Oscar 'Best Actors'
pecheneg
F. Scott Fitzgerald Novels
LTH
Pick 3 Villains
ddd62291
Trending Topics
Disney
NBA
Crossword
Kpop
Harry Potter
Marvel
Anime
Song
Country
Soccer
The Office
NFL
Pokémon
Puzzle
WWE
Your Account Isn't Verified!
In order to create a playlist on Sporcle, you need to verify the email address you used during registration. Go to your
Sporcle Settings
to finish the process.
Report this User
Report this user for behavior that violates our
Community Guidelines
.
Details:
Send Report
Go to the Sporcle.com Mobile Site →
Comments